000 00570nam a2200193 a 4500
001 0553
005 20140414132000.0
008 040201s19uu xx 00 eng d
050 _aTR 813.08
_bL39 1992
050 _aTR 813.08
_bL39 1994
100 _aLaw, Felicia
245 _aPoldy flies high /
_cstory by Felicia Law ; illustrations by Steve Smallman, Shirley Tourret.
260 _aU.K :
_bWorld Books,
_c1992.
300 _a1 v. p. : ill. ; cm.
440 _aEarly World of Learning Poldy
650 _aChildren stories.
999 _c113048
_d113048